|
|
|
|
| LEADER |
00000nas a2200000 i 4500 |
| 001 |
ssj0001219288 |
| 003 |
WaSeSS |
| 005 |
20200512172242.0 |
| 006 |
m d |
| 007 |
cr n |
| 008 |
110908c20119999nz an s 0 a0eng c |
| 010 |
|
|
|a 2015240312
|
| 022 |
|
|
|a 2230-6161
|l 2230-6161
|
| 035 |
|
|
|a (WaSeSS)ssj0001219288
|
| 040 |
|
|
|a NZ1
|b eng
|e pn
|c NZ1
|d CUS
|d OCLCF
|d IXA
|d ERD
|d S4S
|d EUW
|d UAT
|d OCLCQ
|d WaSeSS
|
| 042 |
|
|
|a pcc
|
| 050 |
|
4 |
|a RS420
|
| 082 |
0 |
4 |
|a 615.1
|2 22
|
| 210 |
1 |
|
|a Orphan drugs
|
| 222 |
|
0 |
|a Orphan drugs
|
| 245 |
0 |
0 |
|a Orphan drugs
|h [electronic resource] :
|b research and reviews.
|
| 246 |
1 |
|
|i Title in HTML header:
|a Journal of orphan drugs :
|b research and reviews
|
| 260 |
|
|
|a [Auckland, N.Z.] :
|b Dovepress,
|c 2011-
|
| 310 |
|
|
|a Annual
|
| 362 |
1 |
|
|a Began with Volume 1 (2011).
|
| 500 |
|
|
|a Archived by the National Library of New Zealand.
|
| 500 |
|
|
|a Hypertext links contained in the archived instances of this title are non-functional.
|5 Nz
|
| 506 |
|
|
|a License restrictions may limit access.
|
| 515 |
|
|
|a Articles added irregularly during the year and collected into annual issues.
|
| 588 |
|
|
|a Description based on: Volume 1 (2011); title from journal home page (publisher's Web site, viewed June 25, 2015).
|
| 588 |
|
|
|a Latest issue consulted: Volume 5 (2015) (viewed June 25, 2015).
|
| 650 |
|
0 |
|a Orphan drugs
|v Periodicals.
|
| 650 |
|
7 |
|a Orphan drugs.
|2 fast
|0 (OCoLC)fst01048416
|
| 655 |
|
0 |
|a Electronic journals.
|
| 856 |
4 |
0 |
|z Full text available from Research Library: 01/01/2011 to 01/31/2017
|u https://search.proquest.com/publication/3933314
|